000 02213cam a22004694i 4500
003 PE-LiUPU
005 20250731173304.0
008 150625s2002 xxua r 000 0 spa d
020 _a0829735119
035 _a(Sirsi) i9780829735116
040 _aPE-LiUPU
_bspa
_cPE-LiUPU
_erda
049 _aPRUA
082 0 4 _a259.23
_bF49A
_221
100 1 _aFields, Doug,
_eautor.
245 1 1 _a¡Ayúdenme! ¡soy líder de jóvenes! :
_b50 formas fáciles de ayudar a los jóvenes /
_cDoug Fields.
264 1 _aMiami, FL :
_bVida,
_c2002.
300 _a94 páginas :
_bilustraciones ;
_c21 centímetros.
336 _atext
_2rdacontent
337 _aunmediated
_2rdamedia
338 _avolume
_2rdacarrier
490 0 _aEspecialidades juveniles
505 0 _aEl agradecimiento puede ser escaso y poco frecuente. -El ministerio juvenil eficaz consiste en desarrollar relaciones. -¡Felicidades, eres un ejemplo. -El ministerio juvenil a tiempo. -Haz que lo muchachos sepan que crees en ellos. -La disposición está a un paso de la santidad. -Las cartas te llevan a todos lados. -Aumenta tu aprobación. -Ser un chofer ingenioso puede cambiar vidas. -Deja que tus muchachos sean ellos mismos espiritualmente. -El ministerio juvenil a largo plazo tiene grandes recompensas. -Permita que los jóvenes sepan quién eres. -Luce tu matrimonio. -La constancia es hermosa. -Toma la iniciativa.
526 _aSEG42
526 _aSEG41
526 _aSEG40
526 _aSEG39
526 _aP94
526 _aP87
526 _aP86
526 _aP85
526 _aP77
526 _aP76
526 _aP35
541 _g001-0014464;
650 1 4 _aLiderazgo juvenil.
650 2 4 _aTrabajo de iglesia con adolescentes.
942 _2ddc
_cBOOK
949 _a259.23 F49A
_wDEWEY
_c1
_i55564
_d2016-11-6
_e2016-11-3
_lCCODEBUL1
_mBUL
_n5
_p6.00
_r0
_sY
_tBOOK
_u2015-6-25
_xTEOLOGIA
_zUNKNOWN
_0COMPRA
_o.STAFF. Colección General
994 _aC0
_bPEPRU
596 _a1
999 _a259.23 F49A
_wDEWEY
_c44436
_i55564
_d44436
_e2017-10-20
_f2021-11-10
_g5
_lCCODEBUL1
_mBUL
_n7
_p6.00
_q1
_r0
_sY
_tBOOK
_u2015-6-25
_xTEOLOGIA
_zUNKNOWN
_0COMPRA
_o.STAFF. Colección Teología
980 _81
_gALBERTO SANCHEZ Responsable de Automatización